000
00335nam a2200133Ia 4500
003
GCL
008
140319s9999 xx 000 0 ara d
040
_a
GCL /
_c
GCL
082
0
4
_a
243
_b
س ا
245
1
0
_a
الانسان ذلك المخلوق العجيب
260
_a
[S.N] :
_b
مكتبة مدبولى
300
_a
198 ص
490
_a
999
_c
55689
_d
55689